Practical chemical thermodynamics for geoscientists / (Record no. 19302)
[ view plain ]
| 000 -LEADER | |
|---|---|
| fixed length control field | 01105cam a2200325 i 4500 |
| 001 - CONTROL NUMBER | |
| control field | 17131814 |
| 003 - CONTROL NUMBER IDENTIFIER | |
| control field | EG-ScBUE |
| 005 - DATE AND TIME OF LATEST TRANSACTION | |
| control field | 20250716084431.0 |
| 008 - FIXED-LENGTH DATA ELEMENTS--GENERAL INFORMATION | |
| fixed length control field | 120124t2013 maua f b 001 0 eng d |
| 020 ## - INTERNATIONAL STANDARD BOOK NUMBER | |
| International Standard Book Number | 9780122511004 (hbk.) |
| 040 ## - CATALOGING SOURCE | |
| Original cataloging agency | DLC |
| Language of cataloging | eng |
| Description conventions | rda |
| Transcribing agency | DLC |
| Modifying agency | DLC |
| -- | EG-ScBUE |
| 082 04 - DEWEY DECIMAL CLASSIFICATION NUMBER | |
| Classification number | 541.36 |
| Edition number | 22 |
| Item number | FEG |
| 100 1# - MAIN ENTRY--PERSONAL NAME | |
| Personal name | Fegley, Bruce, |
| Relator term | author. |
| 9 (RLIN) | 37872 |
| 245 10 - TITLE STATEMENT | |
| Title | Practical chemical thermodynamics for geoscientists / |
| Statement of responsibility, etc | Bruce Fegley ; with contributions by Rose Osborne. |
| 264 #1 - PUBLICATION, DISTRIBUTION, ETC. (IMPRINT) | |
| Place of publication, distribution, etc | Waltham ; |
| -- | Oxford : |
| Name of publisher, distributor, etc | Academic Press / Elsevier, |
| Date of publication, distribution, etc | [2013] |
| 264 #4 - PUBLICATION, DISTRIBUTION, ETC. (IMPRINT) | |
| Date of publication, distribution, etc | c2013 |
| 300 ## - PHYSICAL DESCRIPTION | |
| Extent | xix, 674 pages : |
| Other physical details | illustrations ; |
| Dimensions | 24 cm |
| 336 ## - CONTENT TYPE | |
| Source | rdacontent |
| Content type term | text |
| Content type code | txt |
| 337 ## - MEDIA TYPE | |
| Media type term | unmediated |
| Source | rdamedia |
| Media type code | n |
| 338 ## - CARRIER TYPE | |
| Carrier type term | volume |
| Carrier type code | nc |
| Source | rdacarrier |
| 504 ## - BIBLIOGRAPHY, ETC. NOTE | |
| Bibliography, etc | Includes bibliographical references and index.<br/> |
| 650 #7 - SUBJECT ADDED ENTRY--TOPICAL TERM | |
| Topical term or geographic name as entry element | Thermochemistry. |
| Source of heading or term | BUEsh |
| 9 (RLIN) | 37873 |
| 650 #7 - SUBJECT ADDED ENTRY--TOPICAL TERM | |
| Topical term or geographic name as entry element | Chemical equilibrium. |
| Source of heading or term | BUEsh |
| 9 (RLIN) | 6232 |
| 650 #7 - SUBJECT ADDED ENTRY--TOPICAL TERM | |
| Topical term or geographic name as entry element | Thermodynamics. |
| Source of heading or term | BUEsh |
| 9 (RLIN) | 1919 |
| 651 ## - SUBJECT ADDED ENTRY--GEOGRAPHIC NAME | |
| Source of heading or term | BUEsh |
| 653 ## - INDEX TERM--UNCONTROLLED | |
| Resource For college | Engineering, General |
| Arrived date list | May2015 |
| 655 ## - INDEX TERM--GENRE/FORM | |
| Form subdivision | Reading book |
| 9 (RLIN) | 34232 |
| 700 1# - ADDED ENTRY--PERSONAL NAME | |
| Personal name | Osborne, Rose, |
| Relator term | author. |
| 9 (RLIN) | 37874 |
| 942 ## - ADDED ENTRY ELEMENTS (KOHA) | |
| Source of classification or shelving scheme | Dewey Decimal Classification |
| Koha item type | Book - Borrowing |
| Withdrawn status | Lost status | Source of classification or shelving scheme | Damaged status | Not for loan | Collection code | Home library | Current library | Shelving location | Date acquired | Source of acquisition | Cost, normal purchase price | Serial Enumeration / chronology | Total Checkouts | Full call number | Barcode | Date last seen | Cost, replacement price | Koha item type |
|---|---|---|---|---|---|---|---|---|---|---|---|---|---|---|---|---|---|---|
| Dewey Decimal Classification | Alahram | Central Library | Central Library | First floor | 06/05/2015 | Purchase | 750.00 | 322 | 541.36 FEG | 000038158 | 15/07/2025 | 937.50 | Book - Borrowing |